Эмигранты СССР - Армагеддон - Statistics

General Stats
  • This quiz has been taken 43 times
  • The average score is 3 of 12
Answers on the Grid
Answers color-coded by a green-red scale on the quiz's grid according to % correct below.
Михаил Барышников
Виктор Кравченко
Александр Довженко
Владимир Высоцкий
Майя Плисецкая
Булат Окуджава
Сергей Довлатов
Михаил Булгаков
Рудольф Нуриев
Александр Зиновьев
Анатолий Кузнецов
Андрей Сахаров
Фёдор Шаляпин
Всеволод Мейерхольд
Исаак Бабель
Андрей Тарковский
Даниил Хармс
Георгий Данелия
Арам Хачатурян
Марина Цветаева
Иван Павлов
Савелий Крамаров
Владимир Буковский
Валерия Новодворская
Леонид Филатов
Андрей Туполев
Юрий Домбровский
Георгий Гамов
Алексей Толстой
Леонид Быков
Александр Вертинский
Андрей Макаревич
 
Answer Stats
Answer % Correct
Михаил Барышников
70%
Сергей Довлатов
52%
Рудольф Нуриев
48%
Фёдор Шаляпин
39%
Савелий Крамаров
35%
Владимир Буковский
22%
Виктор Кравченко
17%
Александр Зиновьев
17%
Андрей Тарковский
17%
Александр Вертинский
17%
Анатолий Кузнецов
4%
Георгий Гамов
0%
No matching quizzes found
Score Distribution
Percent of People with Each Score
Percentile by Number Answered
Your Score History
You have not taken this quiz